000 00330nam a2200145Ia 4500
999 _c14394
_d14394
003 OSt
005 20260226155959.0
008 260210s9999 xx 000 0 und d
020 _a9781849944502
082 _a720.92
100 _aFranklin
245 0 _aPost-Modern: Bbuilding In Britain
260 _bBatsford
942 _cUG
_2ddc